| 000 -LEADER |
| fixed length control field |
00781nam a22001937a 4500 |
| 005 - DATE AND TIME OF LATEST TRANSACTION |
| control field |
20260317132331.0 |
| 008 - FIXED-LENGTH DATA ELEMENTS--GENERAL INFORMATION |
| fixed length control field |
260317b ||||| |||| 00| 0 eng d |
| 020 ## - INTERNATIONAL STANDARD BOOK NUMBER |
| International Standard Book Number |
9781616131890 |
| 040 ## - CATALOGING SOURCE |
| Transcribing agency |
KH8 |
| 082 ## - DEWEY DECIMAL CLASSIFICATION NUMBER |
| Classification number |
641 |
| 100 ## - MAIN ENTRY--PERSONAL NAME |
| Personal name |
Juntti,Oona Gaarder |
| Relator term |
Author |
| 245 ## - TITLE STATEMENT |
| Title |
WHAT IN THE WORLD IS A GREEN HOME? |
| 260 ## - PUBLICATION, DISTRIBUTION, ETC. |
| Place of publication, distribution, etc. |
8000 West 78th Street,Edina,Minnesota 55439 |
| Name of publisher, distributor, etc. |
ABDO Publishing Company |
| Date of publication, distribution, etc. |
©2011 |
| 300 ## - PHYSICAL DESCRIPTION |
| Extent |
24 pages |
| Other physical details |
Colour illustration |
| Dimensions |
24cm x 19.5cm |
| 520 ## - SUMMARY, ETC. |
| Summary, etc. |
Explains what it means to be green, discusses how energy is used in homes, and looks at some of the ways in which people can save energy at home and help the Earth.-Library Thing- |
| 650 ## - SUBJECT ADDED ENTRY--TOPICAL TERM |
| Topical term or geographic name entry element |
Juvenile Non Fiction |
| Form subdivision |
Environmental Conservation |
| 655 ## - INDEX TERM--GENRE/FORM |
| Genre/form data or focus term |
Recycling&Green Living |
| 942 ## - ADDED ENTRY ELEMENTS (KOHA) |
| Source of classification or shelving scheme |
|
| Koha item type |
Books - Non Ficton |